000 00907nam a2200265Ia 4500
003 OSt
005 20221005105601.0
006 a|||||r|||| 00| 0
007 ta
008 221004b |||||||| |||| 00| 0 hin d
020 _a8131603482 (pbk)
024 _a26460
037 _bGift, 06/05/2016,
_cTextual
040 _aCRL
_cCRL
_bhin
041 _2hin
_ahin
082 _aY:7:7, 152Q0
100 _aशिव बहाल सिंह
245 0 _aविकास का समाजशास्त्र
246 _aVikās kā samājashāstra
260 _aनई दिल्ली
_bरावत पब्लिकेशन्स भारत
_c2010
300 _a221पृ0
_ccm.
650 _aभारतीय-लोक साहित्य
942 _hY:7:7, 152Q0
_cTEXL
_2cc
999 _c1016252
_d1016252